Countries with the most Species of Bats - Statistics

General Stats
  • This quiz has been taken 28 times
  • The average score is 12 of 15
Answer Stats
# of Species Country % Correct
135 Brazil
92%
114 India
92%
225 Indonesia
88%
136 Mexico
88%
112 China
84%
217 Colombia
80%
159 Peru
80%
120 Democratic Republic of the Congo
76%
173 Ecuador
76%
133 Bolivia
72%
120 Costa Rica
72%
172 Venezuela
72%
170 Honduras
64%
125 Malaysia
64%
146 Thailand
64%
No matching quizzes found
Score Distribution
Percent of People with Each Score
Percentile by Number Answered
Your Score History
You have not taken this quiz